000 00932nam a2200301Ia 4500
003 OSt
005 20221007123959.0
006 a|||||r|||| 00| 0
007 ta
008 221006b |||||||| |||| 00| 0 eng d
020 _a9781405114516 (pbk)
024 _a84128
037 _b1738, 09/02/2009, New India Book Agency
_cTextbook
040 _aCDL
_cCDL
_beng
041 _2eng
_aeng
082 _aE5:218, P8;1 Carc
100 _aMoloney Mark G
_9718137
245 0 _aStructure and reactivity in organic chemistry
260 _aOxford
_bBlackwell Publishing
_c2008
300 _axi, 306p.
_ccm.
500 _a''Index 303-306p''.
650 _a Atomic structure
650 _a Bonding
_9718256
650 _a Steric effects
_9718257
650 _aChemistry
942 _hE5:218, P8;1 Carc
_cTB
_2CC
999 _c1212744
_d1212744